000
00310nam a2200121Ia 4500
008
220204s9999 xx 000 0 und d
082
_a
621.38(03)
_b
HUG
245
0
_a
Electronic engineers reference book
260
_a
London
_b
Heywoods
_c
1967
700
_a
Holland, F W
700
_a
Hughes, L E C
942
_c
BK
999
_c
22377
_d
22377